[Event "9th Sunway Sitges 2022"]
[Site "Sitges ESP"]
[Date "2022.12.13"]
[Round "2.4"]
[White "Esipenko, Andrey"]
[Black "Mathieu, Phileas"]
[Result "1/2-1/2"]
[WhiteTitle "GM"]
[BlackTitle "FM"]
[WhiteElo "2678"]
[BlackElo "2367"]
[WhiteFideId "24175439"]
[BlackFideId "36048410"]
[EventDate "2022.12.12"]

1. e4 e5 2. Nf3 Nc6 3. Bc4 Nf6 4. d3 h6 5. O-O d6 6. a4 g5 7. a5 a6 8. Nc3 Bg7
9. Be3 O-O 10. Kh1 Ne7 11. Bb3 Ng6 12. Ng1 Qe7 13. Nge2 Be6 14. Ng3 Bxb3 15.
cxb3 Qe6 16. Qc2 c6 17. Nf5 Ne7 18. Nxg7 Kxg7 19. b4 Ng4 20. Bb6 Nc8 21. f3 Nxb6
22. fxg4 Nc8 23. h3 Na7 24. Ne2 Nb5 25. Rf2 f6 26. Raf1 Rf7 27. Qd2 Raf8 28. Rf3
d5 29. Ng3 Nd4 30. R3f2 Qd7 31. Qe3 Kg6 32. Nh5 Qd6 33. Qe1 Qe6 34. Kh2 Qd7 35.
Ng3 Qd6 36. Rh1 Qd7 37. Qc3 Rh8 38. Re1 Re8 39. Rc1 Nb5 40. Qe1 Nd4 41. Nf1 Rh8
42. Ne3 h5 43. Kg1 Ne6 44. Qd1 Nf4 45. exd5 cxd5 46. d4 hxg4 47. Nxg4 e4 48. Qd2
Nd3 49. Rff1 f5 50. Qxd3 fxg4 51. Qg3 gxh3 52. Rxf7 Qxf7 53. Qd6+ Qf6 54. Qxd5
Re8 55. gxh3 Qf4 56. Rc2 Qg3+ 57. Rg2 Qe3+ 58. Rf2 Qg3+ 59. Rg2 Qe3+ 1/2-1/2

[Event "9th Sunway Sitges 2022"]
[Site "Sitges ESP"]
[Date "2022.12.13"]
[Round "2.5"]
[White "Injac, Teodora"]
[Black "Ivanchuk, Vasyl"]
[Result "1/2-1/2"]
[WhiteTitle "WGM"]
[BlackTitle "GM"]
[WhiteElo "2365"]
[BlackElo "2673"]
[WhiteFideId "932400"]
[BlackFideId "14100010"]
[EventDate "2022.12.12"]

1. d4 Nf6 2. c4 e6 3. Nf3 b6 4. g3 Bb7 5. Bg2 Be7 6. O-O O-O 7. Re1 Qc8 8. Nc3
Ne4 9. Bd2 Nxd2 10. Qxd2 d6 11. e4 a5 12. Qe3 Nd7 13. Rac1 Re8 14. e5 dxe5 15.
dxe5 a4 16. Nb5 Rd8 17. Red1 Ra5 18. h4 h6 19. Qf4 Nc5 20. Qe3 Nd7 21. Qf4 Nf8
22. Qe3 Ng6 23. Rxd8+ Qxd8 24. Qe2 Qc8 25. Rd1 Bxf3 26. Bxf3 c6 27. h5 Nxe5 28.
Qxe5 cxb5 29. cxb5 Bf6 30. Qe2 Qc5 31. Bc6 Ra7 32. Kg2 Rc7 33. Rd2 Rc8 34. Rc2
Qe5 35. Qxe5 Bxe5 36. Rd2 Bf6 37. f4 Rd8 38. Rxd8+ Bxd8 39. Be4 Bf6 40. Bc2 Bxb2
41. Bxa4 Kf8 42. Kf3 Ke7 43. Bc2 Ba3 44. g4 Kf6 45. f5 exf5 1/2-1/2

[Event "9th Sunway Sitges 2022"]
[Site "Sitges ESP"]
[Date "2022.12.13"]
[Round "2.6"]
[White "Alekseenko, Kirill"]
[Black "Valenzuela Gomez, Fernando"]
[Result "1-0"]
[WhiteTitle "GM"]
[BlackTitle "IM"]
[WhiteElo "2672"]
[BlackElo "2361"]
[WhiteFideId "4135539"]
[BlackFideId "3409392"]
[EventDate "2022.12.12"]

1. e4 e6 2. d4 d5 3. Nd2 c5 4. Ngf3 cxd4 5. exd5 Qxd5 6. Bc4 Qd6 7. O-O Nf6 8.
Nb3 Nc6 9. Nbxd4 Nxd4 10. Nxd4 Be7 11. c3 O-O 12. Qf3 Qc7 13. Bb3 a5 14. a4 Bd7
15. Bg5 Nd5 16. Bxe7 Nxe7 17. Rfe1 Rad8 18. Rad1 Qb6 19. Qe3 Ng6 20. g3 Rfe8 21.
h4 h6 22. Bc2 Qxb2 23. Rb1 Qa2 24. Rxb7 Nf8 25. Bb3 Qa3 26. Qf4 Rc8 27. Re3 Re7
28. Kh2 e5 29. Rxe5 Ng6 30. Rxe7 Nxf4 31. Rexd7 Kh8 32. gxf4 Qb2 33. Kg2 Qxc3
34. Bxf7 Qd3 35. Nf3 Qe4 36. Kg3 Qxa4 37. Ne5 Qa1 38. Kg2 a4 39. Bg6 1-0

[Event "9th Sunway Sitges 2022"]
[Site "Sitges ESP"]
[Date "2022.12.13"]
[Round "2.7"]
[White "Garcia Molina, Jose"]
[Black "Demchenko, Anton"]
[Result "0-1"]
[WhiteTitle "FM"]
[BlackTitle "GM"]
[WhiteElo "2357"]
[BlackElo "2632"]
[WhiteFideId "32030592"]
[BlackFideId "4160258"]
[EventDate "2022.12.12"]

1. d4 Nf6 2. c4 e6 3. Nc3 Bb4 4. Qc2 d6 5. Nf3 Nbd7 6. Bd2 O-O 7. a3 Bxc3 8.
Bxc3 Qe7 9. e4 e5 10. d5 Nc5 11. Nd2 Bd7 12. Be2 Ne8 13. b4 Na4 14. O-O f5 15.
exf5 Nxc3 16. Qxc3 Bxf5 17. Rae1 Qg5 18. f4 exf4 19. Nf3 Qf6 20. Qd2 g5 21. Nd4
Ng7 22. h3 Rae8 23. Bg4 Bxg4 24. hxg4 h5 25. gxh5 Nxh5 26. Ne6 Rf7 27. Nxc7 Rxe1
28. Qxe1 Ng3 29. Qe8+ Kh7 30. Ne6 Re7 31. Qa4 Rxe6 32. dxe6 Qd4+ 33. Rf2 Qa1+
34. Kh2 Qh1# 0-1

[Event "9th Sunway Sitges 2022"]
[Site "Sitges ESP"]
[Date "2022.12.13"]
[Round "2.8"]
[White "Jones, Gawain C B"]
[Black "Akbas, Umut Ata"]
[Result "1/2-1/2"]
[WhiteTitle "GM"]
[BlackTitle "FM"]
[WhiteElo "2630"]
[BlackElo "2351"]
[WhiteFideId "409561"]
[BlackFideId "44572646"]
[EventDate "2022.12.12"]

1. e4 e5 2. Nf3 Nc6 3. d4 exd4 4. Nxd4 Nf6 5. Nxc6 bxc6 6. Nd2 d5 7. exd5 cxd5
8. Bb5+ Bd7 9. Bxd7+ Qxd7 10. O-O Be7 11. b3 O-O 12. Bb2 Rfe8 13. Qf3 c6 14. h3
h6 15. Rad1 Nh7 16. Ne4 Qe6 17. Qg3 Ng5 18. Nxg5 Bxg5 19. Rd3 Qg6 20. h4 Bf6 21.
Qxg6 fxg6 22. Bxf6 gxf6 23. Rc1 Rad8 24. c4 d4 25. c5 a5 26. Rc4 Re1+ 27. Kh2
Re5 28. g4 Kf7 29. Kg3 Ke6 30. f3 Rdd5 31. Ra4 Rxc5 32. Raxd4 Rcd5 33. Rxd5 cxd5
34. Rd4 Re2 35. Ra4 d4 36. Rxa5 d3 37. Ra8 Rb2 38. Rd8 d2 39. a4 g5 40. h5 Ke7
41. Rd3 Ke6 42. Rd8 Ke7 43. Rd5 Ke6 44. Rd3 Ke7 45. a5 Rxb3 46. Rxd2 Ra3 47. Rd5
Ra2 48. Rb5 Kf7 49. Rb7+ Kg8 50. Rb6 Rxa5 51. Rxf6 Kg7 52. Rg6+ Kh7 53. Rd6 Ra2
54. Rd1 Kg7 55. Rd3 Kf7 56. Rd7+ Kg8 57. Re7 Rc2 58. Ra7 Rb2 59. Ra1 Kg7 60. Rf1
Kf6 61. Rf2 Rxf2 62. Kxf2 Ke6 63. Ke2 Ke5 64. Ke1 Ke6 65. Kd2 Ke5 66. Kd3 Kf4
67. Ke2 Ke5 68. Ke3 Kd5 69. f4 gxf4+ 70. Kxf4 Ke6 71. g5 hxg5+ 72. Kxg5 Kf7 73.
h6 Kg8 74. Kg6 Kh8 75. h7 1/2-1/2

[Event "9th Sunway Sitges 2022"]
[Site "Sitges ESP"]
[Date "2022.12.13"]
[Round "2.9"]
[White "Fitzsimons, David"]
[Black "Petrosyan, Manuel"]
[Result "1/2-1/2"]
[WhiteTitle "IM"]
[BlackTitle "GM"]
[WhiteElo "2352"]
[BlackElo "2621"]
[WhiteFideId "2501961"]
[BlackFideId "13300857"]
[EventDate "2022.12.12"]

1. e4 c5 2. Nf3 e6 3. d4 cxd4 4. Nxd4 Nc6 5. c4 Nf6 6. Nc3 Bb4 7. Nxc6 bxc6 8.
Bd3 e5 9. O-O O-O 10. h3 h6 11. Qf3 Re8 12. Qg3 Nh5 13. Qg4 Nf6 14. Qg3 Kh8 15.
Be3 d6 16. Rac1 Be6 17. a3 Ba5 18. b4 Bb6 19. Rfd1 Bd4 20. Ne2 c5 21. Nxd4 cxd4
22. Bd2 a5 23. Ra1 Nd7 24. f4 f6 25. Qh4 exf4 26. Bxf4 Ne5 27. Bxe5 fxe5 28.
Qxd8 Rexd8 29. c5 dxc5 30. bxc5 Rdc8 31. Rdc1 a4 32. Rab1 Bb3 33. c6 Ra5 34. Kf2
Rc7 35. Ke2 Kh7 36. Bc4 Bxc4+ 37. Rxc4 Ra6 38. Rbc1 Kg6 39. Rc5 Kf6 40. Rf1+ Kg6
41. Rfc1 Kf6 42. Rf1+ Kg6 1/2-1/2

[Event "9th Sunway Sitges 2022"]
[Site "Sitges ESP"]
[Date "2022.12.13"]
[Round "2.10"]
[White "Karthikeyan, Murali"]
[Black "Krasteva, Beloslava"]
[Result "1-0"]
[WhiteTitle "GM"]
[BlackTitle "FM"]
[WhiteElo "2620"]
[BlackElo "2350"]
[WhiteFideId "5074452"]
[BlackFideId "2922029"]
[EventDate "2022.12.12"]

1. e4 c5 2. Nf3 e6 3. Nc3 Nc6 4. Be2 a6 5. d4 cxd4 6. Nxd4 Qc7 7. O-O Nf6 8. Be3
Be7 9. f4 d6 10. Qe1 O-O 11. Qg3 Nd7 12. Rad1 Bf6 13. Nxc6 bxc6 14. e5 dxe5 15.
Ne4 Be7 16. f5 exf5 17. Rxf5 g6 18. Rdf1 Nb6 19. Rxe5 Nd5 20. Bh6 Re8 21. Kh1
Be6 22. c4 Nb6 23. Bg4 f5 24. Bxf5 Bxf5 25. Nf6+ Kh8 26. Nxe8 Rxe8 27. Qc3 Kg8
28. Ree1 1-0

[Event "9th Sunway Sitges 2022"]
[Site "Sitges ESP"]
[Date "2022.12.13"]
[Round "2.11"]
[White "Nawin, J J"]
[Black "Grigoryan, Karen H."]
[Result "0-1"]
[WhiteTitle "FM"]
[BlackTitle "GM"]
[WhiteElo "2351"]
[BlackElo "2619"]
[WhiteFideId "45031231"]
[BlackFideId "13301004"]
[EventDate "2022.12.12"]

1. e4 c5 2. Nf3 e6 3. d4 cxd4 4. Nxd4 a6 5. Bd3 Nf6 6. O-O Qc7 7. Qe2 d6 8. Be3
g6 9. c4 Bg7 10. Nc3 O-O 11. Rac1 b6 12. Nb3 Nbd7 13. f4 Bb7 14. Nd2 Rac8 15. b4
Qb8 16. a4 a5 17. bxa5 bxa5 18. Nb5 Ba8 19. Ba7 Qb7 20. Bd4 Ne8 21. e5 dxe5 22.
Be4 Qa6 23. fxe5 Bxe4 24. Qxe4 Bh6 25. Be3 Nc5 26. Bxc5 Rxc5 27. Qd4 Rc8 28.
Rcd1 Qc6 29. Kh1 Qc5 30. Qd7 Ra8 31. Rfe1 Bf4 32. Nf3 Rc8 33. Re4 Bh6 34. Nd6
Nxd6 35. Qxd6 Rc6 36. Qxc5 Rxc5 37. Red4 Bg7 38. Re4 Rb8 39. h3 h6 40. Rd7 g5
41. h4 Rb1+ 42. Kh2 Rb4 43. hxg5 Rbxc4 44. Rdd4 Rxd4 45. Rxd4 hxg5 46. Rd8+ Kh7
47. Nxg5+ Kg6 48. Nf3 Bxe5+ 49. Nxe5+ Rxe5 50. Ra8 Kf5 51. Kg3 Ke4 52. Kf2 f5
53. Rd8 Rc5 54. Ra8 e5 55. Ra7 Kd4 56. Rf7 e4 57. Kg3 Ke3 58. Rf8 f4+ 59. Kg4
Rc7 60. Rf5 Rg7+ 61. Kh3 f3 62. gxf3 exf3 63. Rxa5 f2 64. Re5+ Kf4 0-1

[Event "9th Sunway Sitges 2022"]
[Site "Sitges ESP"]
[Date "2022.12.13"]
[Round "2.12"]
[White "Aryan, Chopra"]
[Black "Divya, Deshmukh"]
[Result "1-0"]
[WhiteTitle "GM"]
[BlackTitle "WGM"]
[WhiteElo "2618"]
[BlackElo "2347"]
[WhiteFideId "5084423"]
[BlackFideId "35006916"]
[EventDate "2022.12.12"]

1. c4 e5 2. Nc3 Bb4 3. Nd5 Be7 4. Nf3 d6 5. g3 Nf6 6. Nc3 c5 7. Bg2 Nc6 8. d3
Be6 9. Bg5 h6 10. Bxf6 Bxf6 11. Nd2 Qd7 12. a3 O-O 13. Rb1 g6 14. b4 cxb4 15.
axb4 Bh3 16. Nd5 Bg7 17. Ne4 Kh8 18. O-O Bxg2 19. Kxg2 f5 20. Nec3 f4 21. h3 Nd4
22. e3 fxe3 23. fxe3 Rxf1 24. Qxf1 Rf8 25. Qd1 Nf5 26. Qe2 h5 27. Rf1 Qd8 28.
Ne4 Nh6 29. Rxf8+ Qxf8 30. b5 a6 31. bxa6 bxa6 32. Qa2 Qb8 33. Qxa6 Nf5 34. Qa2
Bh6 35. Qe2 Qa7 36. Kf2 h4 37. g4 Ne7 38. Nxe7 Qxe7 39. Qb2 Kh7 40. Qb6 Bf8 41.
Qc6 Kg7 42. Qd5 Kh8 43. g5 Kg7 44. Nf6 Qf7 45. Kf3 Be7 46. Kg4 Qf8 47. Qe6 1-0

[Event "9th Sunway Sitges 2022"]
[Site "Sitges ESP"]
[Date "2022.12.13"]
[Round "2.13"]
[White "Alexiadis, Hristos"]
[Black "Bernadskiy, Vitaliy"]
[Result "0-1"]
[WhiteTitle "FM"]
[BlackTitle "GM"]
[WhiteElo "2342"]
[BlackElo "2617"]
[WhiteFideId "4249623"]
[BlackFideId "14100371"]
[EventDate "2022.12.12"]

1. d4 Nf6 2. Nf3 e6 3. c4 c5 4. d5 b5 5. Bg5 exd5 6. cxd5 h6 7. Bxf6 Qxf6 8. Nc3
b4 9. Na4 d6 10. a3 bxa3 11. Rxa3 Nd7 12. Nc3 Be7 13. e3 O-O 14. Be2 Ne5 15.
Nxe5 Qxe5 16. O-O a5 17. Qd2 Bd8 18. Bc4 Rb8 19. b3 Bd7 20. Nd1 a4 21. Nb2 Ba5
22. Qe2 Bb4 23. Rxa4 Bxa4 24. Nxa4 Ba5 25. Nb2 Bd8 26. Nd3 Qf6 27. g3 Ra8 28.
Kg2 Qe7 29. Re1 Qe4+ 30. Qf3 Qxf3+ 31. Kxf3 Bf6 32. b4 cxb4 33. Nxb4 Rfb8 34.
Nc6 Rb2 35. h4 h5 36. Kg2 g6 37. Kf3 Ra3 38. Rd1 Kg7 39. Rc1 Rd2 40. Nb4 Bb2 41.
Rb1 Ra4 42. Nd3 Rxc4 0-1

[Event "9th Sunway Sitges 2022"]
[Site "Sitges ESP"]
[Date "2022.12.13"]
[Round "2.14"]
[White "Puranik, Abhimanyu"]
[Black "Pablo Mari, Alejandro"]
[Result "1-0"]
[WhiteTitle "GM"]
[BlackTitle "FM"]
[WhiteElo "2616"]
[BlackElo "2338"]
[WhiteFideId "5061245"]
[BlackFideId "2200287"]
[EventDate "2022.12.12"]

1. e4 c5 2. Nf3 d6 3. d4 cxd4 4. Nxd4 Nf6 5. Nc3 a6 6. h3 e5 7. Nb3 Be7 8. g4 h6
9. Be3 Be6 10. Qf3 Nbd7 11. O-O-O Rc8 12. Nd5 Bxd5 13. exd5 Qc7 14. c3 Nb6 15.
Kb1 Nc4 16. Bc1 Qb6 17. h4 h5 18. gxh5 a5 19. Bg5 Nxh5 20. Qg4 Qc7 21. Rh3 Qd7
22. Qxd7+ Kxd7 23. Rf3 Ke8 24. Bxc4 Rxc4 25. Nxa5 Rc7 26. c4 Bxg5 27. hxg5 Ke7
28. Rb3 Ra8 29. Rb5 Nf4 30. b4 Ra7 31. c5 Ne2 32. Kb2 Nd4 33. Rb6 Nf5 1-0

[Event "9th Sunway Sitges 2022"]
[Site "Sitges ESP"]
[Date "2022.12.13"]
[Round "2.15"]
[White "Sidhant, Mohapatra"]
[Black "Safarli, Eltaj"]
[Result "1/2-1/2"]
[WhiteTitle "IM"]
[BlackTitle "GM"]
[WhiteElo "2337"]
[BlackElo "2616"]
[WhiteFideId "5028698"]
[BlackFideId "13402129"]
[EventDate "2022.12.12"]

1. e4 e5 2. Nf3 Nc6 3. Nc3 Nf6 4. d4 Bb4 5. Nxe5 Bxc3+ 6. bxc3 Qe7 7. f3 Nxe5 8.
dxe5 Qxe5 9. Qd4 d6 10. a4 Nd7 11. Bb5 O-O 12. Bxd7 Bxd7 13. Qxe5 dxe5 14. a5 f5
15. Ba3 Rf7 16. exf5 Rxf5 17. O-O-O Bc6 18. Bb4 e4 19. fxe4 Rf2 20. Rd2 Rxd2 21.
Kxd2 Bxe4 22. Re1 Rd8+ 23. Kc1 Bxg2 24. Re7 a6 25. Rxc7 h6 26. c4 Bf3 27. Bc3
Rd1+ 28. Kb2 Rg1 29. h4 Rg2 30. Kb3 h5 31. Kb4 Kh7 32. Kc5 Rg4 33. Kb6 Rxh4 34.
Rxg7+ Kh6 35. Rf7 Bc6 36. c5 Rc4 37. Be1 Rxc2 38. Rxb7 Bxb7 39. Kxb7 Rxc5 40.
Kxa6 Kg6 41. Kb6 Rc1 42. Bf2 Rc2 43. Bg3 Rb2+ 44. Kc6 Ra2 45. Kb6 Kf5 46. a6 Ke6
47. a7 Kd7 48. Kb7 Rb2+ 49. Ka6 Ra2+ 50. Kb7 1/2-1/2

[Event "9th Sunway Sitges 2022"]
[Site "Sitges ESP"]
[Date "2022.12.13"]
[Round "2.16"]
[White "Durarbayli, Vasif"]
[Black "Ilamparthi, A R"]
[Result "1-0"]
[WhiteTitle "GM"]
[WhiteElo "2612"]
[BlackElo "2336"]
[WhiteFideId "13402935"]
[BlackFideId "45015775"]
[EventDate "2022.12.12"]

1. e4 c5 2. Nf3 d6 3. d4 cxd4 4. Nxd4 Nf6 5. Nc3 a6 6. Be3 e6 7. Be2 Be7 8. Qd2
b5 9. Bf3 b4 10. Na4 Bd7 11. Nb6 Qxb6 12. Nxe6 Qa5 13. Nxg7+ Kf8 14. Bh6 Ng8 15.
Ne6+ Ke8 16. Bg7 Bf6 17. Qxd6 Bxe6 18. Qf8+ Kd7 19. Bxh8 Qe5 20. Bxf6 Nxf6 21.
O-O-O+ Kc7 22. Qd8+ Kb7 23. Qe7+ Nbd7 24. Qxb4+ Kc7 25. Rd3 Rb8 26. Qc3+ Qxc3
27. Rxc3+ Kb6 28. Rd1 Ne5 29. Rd4 Rg8 30. g3 h5 31. Bg2 h4 32. f4 Neg4 33. e5
Ne8 34. Rb4+ Ka7 35. Rb7+ Ka8 36. Rxf7+ Kb8 37. Rb7+ Ka8 38. Re7+ Kb8 39. Rxe6 1-0

[Event "9th Sunway Sitges 2022"]
[Site "Sitges ESP"]
[Date "2022.12.13"]
[Round "2.17"]
[White "Papadiamandis, Elliot"]
[Black "Adhiban, Baskaran"]
[Result "0-1"]
[WhiteTitle "IM"]
[BlackTitle "GM"]
[WhiteElo "2334"]
[BlackElo "2611"]
[WhiteFideId "36074160"]
[BlackFideId "5018471"]
[EventDate "2022.12.12"]

1. e4 e5 2. Nf3 Nc6 3. d4 exd4 4. Nxd4 Qf6 5. Nb3 Qg6 6. Qe2 Nf6 7. f3 a5 8. Be3
d5 9. N1d2 dxe4 10. Nd4 Be7 11. Nb5 O-O 12. Nxc7 Nb4 13. Rc1 Nxa2 14. Rb1 exf3
15. gxf3 Qxc2 16. Qc4 Nb4 17. Nxa8 Be6 18. Qxc2 Nxc2+ 19. Kf2 Nd5 20. Bd3 Ncxe3
21. Nc7 Bh4+ 22. Ke2 Nxc7 23. Kxe3 Nd5+ 24. Ke2 Nf4+ 25. Ke3 Ng2+ 26. Ke2 Re8
27. Ne4 f5 28. Nd6 Re7 29. Rhc1 Nf4+ 30. Ke3 Nxd3 31. Kxd3 Rd7 32. Rc8+ Bd8 33.
Kd4 Rxd6+ 34. Ke5 Bxc8 35. Kxd6 Kf7 36. Re1 a4 37. Ra1 b5 38. Kc6 Bf6 39. Rb1 b4
40. Kb5 a3 41. Kxb4 Bxb2 0-1

[Event "9th Sunway Sitges 2022"]
[Site "Sitges ESP"]
[Date "2022.12.13"]
[Round "2.18"]
[White "Kollars, Dmitrij"]
[Black "Borocz, Istvan1"]
[Result "1-0"]
[WhiteTitle "GM"]
[BlackTitle "IM"]
[WhiteElo "2610"]
[BlackElo "2334"]
[WhiteFideId "12909572"]
[BlackFideId "703036"]
[EventDate "2022.12.12"]

1. e4 e5 2. Nf3 Nc6 3. Bb5 a6 4. Ba4 Nf6 5. O-O Be7 6. Re1 b5 7. Bb3 d6 8. c3
O-O 9. h3 Na5 10. Bc2 c5 11. d4 Qc7 12. d5 g6 13. Nbd2 Nh5 14. b4 Nb7 15. a4 Bd7
16. Nf1 a5 17. Bd2 axb4 18. cxb4 cxb4 19. Bxb4 Nc5 20. a5 Rfc8 21. Re3 Qa7 22.
Rc3 Bf8 23. Ne3 Nf6 24. Qb1 Bh6 25. Raa3 Rab8 26. Nh2 Bf4 27. Nhg4 Nxg4 28. Nxg4
Bxg4 29. hxg4 Bd2 30. Rxc5 Bxb4 31. Rxc8+ Rxc8 32. Qxb4 Rxc2 33. Rf3 Rc1+ 34.
Kh2 Qe7 35. Qd2 Ra1 36. Rh3 Qf6 37. g5 Qd8 38. Rc3 Rxa5 39. f4 exf4 40. Qxf4 Ra6
41. Qf6 Qe8 42. Rc7 Qe5+ 43. g3 Ra2+ 44. Kh3 Qxf6 45. gxf6 h5 46. Kh4 Re2 47.
Re7 Kf8 48. Kg5 b4 49. Rb7 Rxe4 50. Rb8+ Re8 51. Rxb4 h4 52. Kxh4 Kg8 53. g4 Re5
54. Rb8+ Kh7 55. Rf8 Rxd5 56. g5 Rd4+ 57. Kg3 Rd1 58. Rxf7+ Kg8 59. Rg7+ Kf8 60.
Rxg6 Rg1+ 61. Kf4 Rf1+ 62. Ke4 Re1+ 63. Kf5 Rf1+ 64. Ke6 Re1+ 65. Kxd6 Rd1+ 66.
Ke5 Re1+ 67. Kf4 Rf1+ 68. Kg3 Kf7 69. Rg7+ Ke6 70. Kh3 Rf2 71. Kg4 Rg2+ 72. Kf3
Rg1 73. Re7+ Kd6 74. Kf4 1-0

[Event "9th Sunway Sitges 2022"]
[Site "Sitges ESP"]
[Date "2022.12.13"]
[Round "2.19"]
[White "Jain, Kashish Manoj"]
[Black "Aravindh, Chithambaram VR."]
[Result "0-1"]
[WhiteTitle "FM"]
[BlackTitle "GM"]
[WhiteElo "2334"]
[BlackElo "2607"]
[WhiteFideId "35081098"]
[BlackFideId "5072786"]
[EventDate "2022.12.12"]

1. e4 c5 2. Nf3 d6 3. d4 cxd4 4. Nxd4 Nf6 5. Nc3 Nc6 6. Bg5 e6 7. Qd2 Be7 8.
O-O-O a6 9. f3 Nxd4 10. Qxd4 b5 11. Kb1 Bb7 12. h4 O-O 13. g4 d5 14. e5 Nd7 15.
Bxe7 Qxe7 16. g5 b4 17. Ne2 a5 18. Qe3 d4 19. Nxd4 Qc5 20. Re1 Rfd8 21. Bd3 a4
22. g6 hxg6 23. h5 Nf8 24. Rh4 gxh5 25. Rg1 g6 26. Qf4 Ra5 27. Rxh5 Qxd4 28. Qh2
Kg7 29. Rh8 Qxg1+ 30. Qxg1 Kxh8 31. Qb6 Rxe5 32. Kc1 Rd7 33. Qxb4 Kg8 34. Qxa4
Bxf3 35. b4 Be2 36. Bxe2 Rxe2 37. b5 Rdd2 0-1

[Event "9th Sunway Sitges 2022"]
[Site "Sitges ESP"]
[Date "2022.12.13"]
[Round "2.20"]
[White "Dardha, Daniel"]
[Black "Heinemann, Josefine"]
[Result "1-0"]
[WhiteTitle "GM"]
[BlackTitle "WGM"]
[WhiteElo "2606"]
[BlackElo "2332"]
[WhiteFideId "240990"]
[BlackFideId "12900460"]
[EventDate "2022.12.12"]

1. Nf3 d5 2. d4 Nf6 3. c4 e6 4. Nc3 c5 5. cxd5 Nxd5 6. e4 Nxc3 7. bxc3 cxd4 8.
cxd4 Bb4+ 9. Bd2 Bxd2+ 10. Qxd2 O-O 11. Bc4 Nd7 12. O-O b6 13. Rad1 Bb7 14. Rfe1
Rc8 15. Bb3 h6 16. h3 Re8 17. Qf4 Qc7 18. Qh4 Nf6 19. Ne5 b5 20. Rd3 a5 21. Rg3
Kh7 22. Nf3 Qd8 23. e5 Ne4 24. Rxe4 Qxh4 25. Rxh4 Rc1+ 26. Kh2 a4 27. Ng5+ Kg8
28. Ne4 Bxe4 29. Rxe4 axb3 30. Rxb3 Rc2 31. Kg3 Rxa2 32. Rxb5 Re7 33. Rb8+ Kh7
34. Rf4 Ra3+ 35. f3 g6 36. Rd8 Raa7 37. d5 exd5 38. Rxd5 Kg7 39. Rb4 Rab7 40.
Ra4 Ra7 41. Rxa7 Rxa7 42. h4 h5 43. Rd2 Ra4 44. Rd7 Kf8 45. Rd6 Kg7 46. Rd7 Kf8
47. Rd3 Ke7 48. Rd6 Kf8 49. Rf6 Kg7 50. Rf4 Ra2 51. Rc4 Re2 52. Re4 Ra2 53. Re3
Ra4 54. f4 Rb4 55. Kf3 Ra4 56. Rd3 Rb4 57. Ke3 Ra4 58. Rb3 Rc4 59. g3 Ra4 60.
Kf3 Rc4 61. g4 hxg4+ 62. Kxg4 Rc1 63. Rg3 Rh1 64. Kg5 Rh2 65. Rg1 Rh3 66. Kg4
Rh2 67. Rb1 Rg2+ 68. Kf3 Rh2 69. Kg3 Re2 70. Rb7 Re3+ 71. Kf2 Re4 72. Kf3 Re1
73. Ra7 Kg8 74. Kf2 Re4 75. Kg3 Re1 76. h5 gxh5 77. Kh4 Re4 78. Kg5 Kg7 79. Ra1
Re2 80. Rh1 Rb2 81. Rxh5 Rb5 82. Rh6 Ra5 83. Rc6 Rb5 84. Kf5 Ra5 85. Rc2 Ra4 86.
Rg2+ Kf8 87. Rg4 Ra6 88. Rh4 Kg7 89. Rh1 Ra5 90. Rd1 Ra4 91. Rd5 Ra1 92. Rd7 Ra5
93. Ke4 Ra4+ 94. Rd4 Ra1 95. f5 Re1+ 96. Kd5 Rf1 97. f6+ Kg6 98. Kd6 Re1 99. Rd2
Ra1 100. Rg2+ Kf5 101. Ke7 Ra7+ 102. Kf8 Kxe5 103. Kg7 Ra6 104. Rb2 Ra7 105.
Re2+ Kd6 106. Kf8 Rb7 107. Re7 Rb1 108. Kxf7 Rh1 109. Re2 1-0

[Event "9th Sunway Sitges 2022"]
[Site "Sitges ESP"]
[Date "2022.12.13"]
[Round "2.21"]
[White "Reprintsev, Alexander"]
[Black "Sanal, Vahap"]
[Result "0-1"]
[WhiteTitle "IM"]
[BlackTitle "GM"]
[WhiteElo "2330"]
[BlackElo "2597"]
[WhiteFideId "14100541"]
[BlackFideId "6300545"]
[EventDate "2022.12.12"]

1. Nc3 d5 2. d4 Nf6 3. Bf4 e6 4. Nb5 Na6 5. e3 c6 6. Nc3 Qb6 7. a3 Be7 8. Bd3 c5
9. Bb5+ Bd7 10. Bxd7+ Nxd7 11. Rb1 O-O 12. Nf3 Rac8 13. O-O Nab8 14. Qe2 cxd4
15. Nxd4 Bf6 16. Rfd1 e5 17. Nxd5 Qd8 18. Nb5 exf4 19. Nxa7 Rc5 20. b4 Rxd5 21.
Rxd5 Re8 22. Nb5 fxe3 23. Rbd1 Bg5 24. fxe3 h6 25. Kh1 Rxe3 26. Qf1 Qe7 27. Nd6
g6 28. Nxb7 Bf4 29. g3 Bc7 30. Nc5 Nxc5 31. Rxc5 Qe4+ 32. Kg1 Bb6 33. Qb5 Re2 0-1

[Event "9th Sunway Sitges 2022"]
[Site "Sitges ESP"]
[Date "2022.12.13"]
[Round "2.22"]
[White "Cheng, Bobby"]
[Black "Karavade, Eesha"]
[Result "1-0"]
[WhiteTitle "GM"]
[BlackTitle "IM"]
[WhiteElo "2583"]
[BlackElo "2325"]
[WhiteFideId "4300033"]
[BlackFideId "5012600"]
[EventDate "2022.12.12"]

1. c4 g6 2. d4 Nf6 3. Nc3 d5 4. cxd5 Nxd5 5. e4 Nxc3 6. bxc3 Bg7 7. Nf3 O-O 8.
Be2 c5 9. O-O Bg4 10. Be3 Nc6 11. d5 Na5 12. Bxc5 Bxc3 13. Rc1 Bg7 14. Bb4 b6
15. Re1 Rc8 16. Rxc8 Bxc8 17. Qa4 Bd7 18. Qa3 Re8 19. Rc1 e6 20. d6 Nc6 21. Bb5
Nxb4 22. Qxb4 e5 23. Qa4 Bxb5 24. Qxb5 a6 25. Qd5 Qd7 26. Rc7 Rc8 27. Rxc8+ Qxc8
28. g3 Qe8 29. d7 Qd8 30. Ng5 1-0

[Event "9th Sunway Sitges 2022"]
[Site "Sitges ESP"]
[Date "2022.12.13"]
[Round "2.23"]
[White "Pourkashiyan, Atousa"]
[Black "Kraemer, Martin"]
[Result "0-1"]
[WhiteTitle "WGM"]
[BlackTitle "GM"]
[WhiteElo "2321"]
[BlackElo "2583"]
[WhiteFideId "12502014"]
[BlackFideId "4671910"]
[EventDate "2022.12.12"]

1. e4 e5 2. Nf3 Nc6 3. Bb5 a6 4. Ba4 Nf6 5. O-O b5 6. Bb3 Bc5 7. c3 d6 8. d4 Bb6
9. dxe5 Nxe5 10. Nxe5 dxe5 11. Qxd8+ Kxd8 12. Bg5 Ke7 13. Bd5 Rb8 14. Nd2 h6 15.
Bxf6+ Kxf6 16. Rfe1 Rd8 17. Nf1 Rd6 18. h3 Bd7 19. Rad1 Rd8 20. Bb7 a5 21. Rxd6+
cxd6 22. Bd5 Be6 23. Rd1 b4 24. Ng3 g6 25. Ne2 Rc8 26. Kf1 Ke7 27. cxb4 axb4 28.
Rc1 Bc5 29. Bxe6 Kxe6 30. Rc2 f5 31. exf5+ gxf5 32. Nc1 Ra8 33. b3 e4 34. Ke2 h5
35. g3 h4 36. gxh4 Rh8 37. Kf1 Rxh4 38. Ne2 Ke5 39. Kg2 f4 40. Nc1 f3+ 41. Kg3
Rh8 42. h4 Rg8+ 43. Kh3 Rg1 44. h5 Kf5 45. a4 Rh1+ 46. Kg3 Bd4 47. Nd3 Bf6 0-1